| 000 | 00910cam a2200181ua 4500 | ||
|---|---|---|---|
| 020 | _cRs.2.00 | ||
| 041 |
_amal _h |
||
| 082 |
_a894.8124 _bKER/GA |
||
| 100 | _aKera, . | ||
| 110 | 1 |
_aKerala University . _b _c(Trivandrum ) |
|
| 245 | 0 | 0 | _aGadhya kairali, Vol.II |
| 260 |
_aTrivandrum : _bKerala University , _c1966. |
||
| 300 | _a144 ; . | ||
| 365 | _aRs.2.00 | ||
| 504 | _a | ||
| 942 | _cBK | ||
| 999 |
_c504 _d504 |
||